000 00267nam a2200109Ia 4500
008 190914s9999||||xx |||||||||||||| ||und||
100 _aRoopa Gosain
245 0 _aWorld Famous Personalities
260 _aKarachi
_bMeyari Matbooaat
_c1994
300 _a484
942 _cBK
999 _c9008
_d9008